Cooperación y desarrollo. El rol de las cooperativas en el proceso del desarrollo económico de los países del tercer mundo
I tiakina i:
| Kaituhi matua: | |
|---|---|
| Hōputu: | Pukapuka |
| Reo: | Pāniora |
| I whakaputaina: |
Santiago
Nueva Universidad
1973
|
| Rangatū: | Universidad y Presente
|
| Ngā marau: | |
| Ngā Tūtohu: |
Tāpirihia he Tūtohu
Kāore He Tūtohu, Me noho koe te mea tuatahi ki te tūtohu i tēnei pūkete!
|
MARC
| LEADER | 00000nam a2200000 a 4500 | ||
|---|---|---|---|
| 001 | UCR7964 | ||
| 003 | CL-VaPUC | ||
| 008 | 980519e19730000CL |||||||||||||||||spa|d | ||
| 082 | 0 | 4 | |a 334 |b BEN |2 21 |
| 100 | 0 | |a Benecke, Dieter W |e author |9 409541 | |
| 245 | 1 | 0 | |a Cooperación y desarrollo. El rol de las cooperativas en el proceso del desarrollo económico de los países del tercer mundo |
| 300 | |a 280 p | ||
| 942 | |c BK | ||
| 945 | |d 19980519 00:00:00 |a crobeson | ||
| 260 | |a Santiago |b Nueva Universidad |c 1973 | ||
| 650 | 0 | |a Cooperativas |9 319869 | |
| 650 | 0 | |a Desarrollo económico y social |9 256320 | |
| 650 | 0 | |a Países en desarrollo |9 259663 | |
| 583 | |a last modification |c 19980519 00:00:00 |k Rodrigo Vera | ||
| 490 | 0 | |a Universidad y Presente | |
| 999 | |c 269539 |d 269537 | ||
| 952 | |0 0 |1 0 |4 0 |6 334_000000000000000_BEN_1973 |7 0 |8 A |9 303301 |a BIBENE |b BIBENE |d 2019-11-20 |i 140038K |o 334 BEN 1973 |p 140038K |r 2025-01-15 |w 2019-11-20 |y BK |k ICO | ||